00328nam a22001097a 4500082001100000100001600011245007500027260003700102300001900139650003500158700002500193 a621.39 aRiaz, Amina aMotion Classification based on Motion Vector Statistics bycAmina Riaz aIslamabad :bCEME - NUST,c2014. a63 p. ;c30cm. aComputer Engineering-MS-Thesis aDr. Shoab Ahmad Khan